000 00818cac a2200241 a 4500
003 Co-PeBPM
005 20241015151725.0
007 ta
008 231129s1976||||ck o||||||||||||| ||spa||
040 _aCo-PeBPM
_bspa
_cCo-PeBPM
_erda
041 _aspa
082 0 4 _a070.444 H557t
_222
100 1 0 _aHernández de Ospina, Bertha
_eautora
245 1 0 _aEl tábano y la enjalma
_c/ Bertha H. de Ospina
260 _aBogotá, Colombia
_b: El Greco,
_c1976
300 _a283 páginas
_bilustraciones, fotografías en blanco y negro
_c23 centímetros
500 _aIncluye índice al final del texto
650 1 4 _aCrónica periodística
_2LEMB
_zColombia
650 1 4 _aPeriodismo
_2LEMB
_zColombia
650 1 4 _aCaricaturas en páginas editoriales
_2LEMB
_zColombia
651 1 4 _aColombia - Política
_2LEMB
942 _2ddc
_cBK
999 _c12501
_d12501